Assessing administrative accountability: results from a national survey (Record no. 53842)

000 -LEADER
fixed length control field 01145pab a2200157 454500
008 - FIXED-LENGTH DATA ELEMENTS--GENERAL INFORMATION
fixed length control field 180718b2002 xxu||||| |||| 00| 0 eng d
100 ## - MAIN ENTRY--PERSONAL NAME
Personal name Wang, Xiaohu
245 ## - TITLE STATEMENT
Title Assessing administrative accountability: results from a national survey
260 ## - PUBLICATION, DISTRIBUTION, ETC.
Date of publication, distribution, etc. 2002
300 ## - PHYSICAL DESCRIPTION
Extent p.350-70.
362 ## - DATES OF PUBLICATION AND/OR SEQUENTIAL DESIGNATION
Dates of publication and/or sequential designation Sep
520 ## - SUMMARY, ETC.
Summary, etc. This article presents the results of a national survey on accountability practices in U.S. municipal administrations. it also examines possible causes and effects of accountability. It finds that city administrations use a variety of political and legal accountability tools. They reveal more financial information performance information to their stakeholders. Accountability appears to be enhanced through eliminating government workers' concerns about exposing their performances. Responsiveness, public consensus, and stakeholder trust are strengthened in accountable administrations. However, stakeholder fiscal commitments and administrative service capacities are not associated with accountability. - Reproduced.
650 ## - SUBJECT ADDED ENTRY--TOPICAL TERM
Topical term or geographic name entry element Accountability
773 ## - HOST ITEM ENTRY
Main entry heading American Review of Public Administration
909 ## -
-- 53842
Holdings
Withdrawn status Lost status Damaged status Not for loan Permanent Location Current Location Date acquired Serial Enumeration / chronology Barcode Date last seen Price effective from Koha item type
        Indian Institute of Public Administration Indian Institute of Public Administration 2018-07-19 Volume no: 32, Issue no: 3 AR54287 2018-07-19 2018-07-19 Articles

Powered by Koha